00278nam a2200121Ia 4500100001600000650002300016366000700039245004000046260002600086082001300112300000800125546002300133 aWolf/Wayne  aEmbedded computing f20 aHigh performance embedded computing bMorgan Kaufmannc2008 a3.3bWOL a372 aENGLISHcComputers